[Event "Niederoesterreichische Landesliga 2014/2015"]
[Site "NOE"]
[Date "2014.12.14"]
[Round "6"]
[Board "1"]
[White "Groetz, Harald"]
[Black "Froewis, Georg"]
[Result "1/2-1/2"]
[WhiteElo "2312"]
[BlackElo "2437"]
[PlyCount "62"]
[EventDate "2014.10.05"]
[EventType "team"]
[EventRounds "11"]
[EventCountry "AUT"]
[WhiteTeam "SV Stockerau 2"]
[BlackTeam "SGM Voest Krems"]

1. Nf3 d5 2. g3 Bg4 3. Bg2 Nd7 4. O-O e6 5. d4 Ngf6 6. c4 c6 7. Ne5 Bh5 8. Nc3
Be7 9. Qb3 Qb6 10. e4 Nxe5 11. dxe5 Nxe4 12. Nxe4 Qxb3 13. axb3 dxe4 14. Be3 a6
15. Bxe4 O-O-O 16. f3 Bg6 17. Bxg6 hxg6 18. Rad1 f6 19. f4 f5 20. h4 Rxd1 21.
Rxd1 Rd8 22. Rxd8+ Kxd8 23. c5 Ke8 24. b4 Kf7 25. Kf2 Kg8 26. Kf3 Kh7 27. Bf2
Kh6 28. Be3 Kh5 29. Bf2 Bd8 30. Be3 Bc7 31. Bf2 Bd8  1/2-1/2

[Event "Niederoesterreichische Landesliga 2014/2015"]
[Site "NOE"]
[Date "2014.12.14"]
[Round "6"]
[Board "2"]
[White "Luncescu, Christian"]
[Black "Batyte, Daiva"]
[Result "1/2-1/2"]
[WhiteElo "2193"]
[BlackElo "2101"]
[PlyCount "99"]
[EventDate "2014.10.05"]
[EventType "team"]
[EventRounds "11"]
[EventCountry "AUT"]
[WhiteTeam "SGM Voest Krems"]
[BlackTeam "SV Stockerau 2"]

1. e4 e6 2. d3 d5 3. Nd2 c5 4. Ngf3 Nc6 5. g3 Nf6 6. Bg2 Bd6 7. O-O O-O 8. Re1
Qc7 9. b3 b5 10. Bb2 Be7 11. a4 b4 12. exd5 exd5 13. Ne5 Bb7 14. Nxc6 Bxc6 15.
Be5 Qd7 16. Nf3 Rfe8 17. Bf4 Qf5 18. Ne5 Bb7 19. Qf3 Nd7 20. Nc4 dxc4 21. Qxb7
Bf6 22. Rad1 cxb3 23. cxb3 g5 24. Bc6 Rxe1+ 25. Rxe1 Rd8 26. Be4 Qh3 27. Bc7
Rf8 28. Qxa7 Bc3 29. Re2 Bd4 30. Qb7 Nf6 31. Bg2 Qf5 32. Qf3 Qg6 33. h3 h5 34.
a5 g4 35. hxg4 hxg4 36. Qf4 Nh5 37. Qe4 Qg5 38. Be5 Re8 39. a6 Rxe5 40. a7 Rxe4
41. a8=Q+ Kg7 42. Rxe4 Nxg3 43. Re8 Qd2 44. Rg8+ Kh7 45. Rxg4 Qd1+ 46. Kh2 Qxg4
47. fxg3 Qh5+ 48. Bh3 Qe2+ 49. Bg2 Qh5+ 50. Bh3  1/2-1/2

[Event "Niederoesterreichische Landesliga 2014/2015"]
[Site "NOE"]
[Date "2014.12.14"]
[Round "6"]
[Board "3"]
[White "Amberger, Dieter"]
[Black "Kleiser, Gregor"]
[Result "1/2-1/2"]
[WhiteElo "2086"]
[BlackElo "2300"]
[PlyCount "155"]
[EventDate "2014.10.05"]
[EventType "team"]
[EventRounds "11"]
[EventCountry "AUT"]
[WhiteTeam "SV Stockerau 2"]
[BlackTeam "SGM Voest Krems"]

1. d4 d5 2. c4 e6 3. Nc3 Nf6 4. cxd5 exd5 5. Bg5 Nbd7 6. e3 c6 7. Qc2 Be7 8.
Bd3 g6 9. Nf3 Nh5 10. Bxe7 Qxe7 11. O-O-O Ndf6 12. h3 Ng7 13. Ne5 Bf5 14. Kb1
O-O-O 15. Na4 Ne4 16. f3 Nd6 17. e4 Be6 18. Rc1 f6 19. Nxc6 bxc6 20. Qxc6+ Kb8
21. Nc5 Bc8 22. Rc3 Nc4 23. Bxc4 dxc4 24. Rxc4 a5 25. Qb6+ Bb7 26. Nxb7 Qxb7
27. Qxa5 Qa7 28. Qxa7+ Kxa7 29. Rc7+ Kb6 30. Rxg7 Rxd4 31. Rc1 Rd2 32. Rf7 Rxg2
33. Rxf6+ Kb5 34. b3 Ra8 35. Rc2 Rxc2 36. Kxc2 Rxa2+ 37. Kc3 Rh2 38. e5 Kc5 39.
Rd6 Rxh3 40. b4+ Kb5 41. Rd3 Rh4 42. e6 Rc4+ 43. Kd2 Rc8 44. Rd4 Re8 45. Re4
Kc6 46. Ke3 Kd6 47. Kf4 h6 48. Rd4+ Ke7 49. Ke5 Rf8 50. Rd7+ Ke8 51. Rf7 Rxf7
52. exf7+ Kxf7 53. Kd6 h5 54. b5 h4 55. b6 h3 56. b7 h2 57. b8=Q h1=Q 58. Qb7+
Kf8 59. Qc8+ Kg7 60. Qc3+ Kh7 61. Ke6 Qh3+ 62. Kf7 Qf5+ 63. Ke7 Kh6 64. Qe3+
Kh5 65. Qe4 Qc5+ 66. Ke6 Qc8+ 67. Ke5 Qd7 68. Kf4 Qd6+ 69. Ke3 Qb6+ 70. Ke2 Qg1
71. Qe5+ Kh4 72. Qf4+ Kh5 73. Qe5+ g5 74. Qh8+ Kg6 75. Qg8+ Kf5 76. Qf7+ Ke5
77. Qe7+ Kf5 78. Qf7+  1/2-1/2

[Event "Niederoesterreichische Landesliga 2014/2015"]
[Site "NOE"]
[Date "2014.12.14"]
[Round "6"]
[Board "4"]
[White "Winiwarter, Felix"]
[Black "Schmid, Thomas"]
[Result "0-1"]
[WhiteElo "2162"]
[BlackElo "2193"]
[PlyCount "118"]
[EventDate "2014.10.05"]
[EventType "team"]
[EventRounds "11"]
[EventCountry "AUT"]
[WhiteTeam "SGM Voest Krems"]
[BlackTeam "SV Stockerau 2"]

1. e4 c5 2. Nf3 d6 3. d4 cxd4 4. Nxd4 Nf6 5. Nc3 a6 6. Be2 e5 7. Nb3 Be7 8. O-O
O-O 9. Be3 Be6 10. f4 Qc7 11. Nd5 Bxd5 12. exd5 Nbd7 13. c4 exf4 14. Bxf4 Ne5
15. Rc1 Nfd7 16. Qd2 Bf6 17. Be3 b6 18. Nd4 Rfe8 19. b4 a5 20. a3 axb4 21. axb4
Be7 22. Nf5 Bf8 23. Bd4 Ra3 24. Bb2 Ra2 25. Qc3 g6 26. Nd4 Bg7 27. Kh1 Qd8 28.
Qb3 Ra8 29. Nb5 Bf8 30. Qg3 Ra2 31. Qb3 Ra8 32. Bd4 f5 33. Ra1 Rxa1 34. Rxa1
Qh4 35. Qc3 Ng4 36. Bxg4 Qxg4 37. Re1 Re2 38. Rxe2 Qxe2 39. h3 Qf1+ 40. Kh2 Bh6
41. Be3 f4 42. Bg1 Ne5 43. Nd4 Qxc4 44. Qxc4 Nxc4 45. Nb5 Kf7 46. Bd4 Bg7 47.
Bf2 Bb2 48. g4 Kf6 49. Kg2 Ke5 50. Kf3 g5 51. Nc7 h6 52. h4 gxh4 53. Bxh4 Ne3
54. Bd8 Bc1 55. Na8 Nxd5 56. Nxb6 Nxb4 57. Nd7+ Ke6 58. Nf6 Nc6 59. Bb6 Kxf6
 0-1

[Event "Niederoesterreichische Landesliga 2014/2015"]
[Site "NOE"]
[Date "2015.01.18"]
[Round "7"]
[Board "1"]
[White "Kleiser, Gregor"]
[Black "Hellmayr, Alois"]
[Result "1-0"]
[WhiteElo "2300"]
[BlackElo "2205"]
[PlyCount "91"]
[EventDate "2014.10.05"]
[EventType "team"]
[EventRounds "11"]
[EventCountry "AUT"]
[WhiteTeam "SGM Voest Krems"]
[BlackTeam "KSV Boehlerwerk"]

1. d4 Nf6 2. c4 e6 3. Nc3 Bb4 4. e3 O-O 5. Nge2 d5 6. a3 Be7 7. Nf4 dxc4 8.
Bxc4 c5 9. O-O cxd4 10. exd4 Nc6 11. Be3 e5 12. dxe5 Nxe5 13. Qxd8 Rxd8 14. Be2
Neg4 15. Bxg4 Bxg4 16. f3 Bd7 17. Rfd1 Bc6 18. Rxd8+ Bxd8 19. Rd1 a6 20. Nfd5
h6 21. Bc5 Rc8 22. Ne7+ Bxe7 23. Bxe7 Nd7 24. Nd5 Re8 25. Bb4 Kh7 26. Ne7 Bb5
27. Nf5 Nf6 28. Bc3 Kg6 29. Nh4+ Kh7 30. Bxf6 gxf6 31. Rd2 Re5 32. Kf2 Kg7 33.
Kg3 h5 34. Kf4 Rc5 35. Nf5+ Kg6 36. Ne3 Bc6 37. h4 Re5 38. b4 a5 39. Rc2 Ba4
40. Rc5 axb4 41. axb4 Re6 42. Rc7 b6 43. Nd5 Bb3 44. Ne7+ Kg7 45. Nf5+ Kg6 46.
Nd4  1-0

[Event "Niederoesterreichische Landesliga 2014/2015"]
[Site "NOE"]
[Date "2015.01.18"]
[Round "7"]
[Board "2"]
[White "Heimberger, Reinhard"]
[Black "Winiwarter, Felix"]
[Result "1-0"]
[WhiteElo "2266"]
[BlackElo "2162"]
[PlyCount "91"]
[EventDate "2014.10.05"]
[EventType "team"]
[EventRounds "11"]
[EventCountry "AUT"]
[WhiteTeam "KSV Boehlerwerk"]
[BlackTeam "SGM Voest Krems"]

1. d4 d5 2. g3 Nf6 3. Bg2 e6 4. Nf3 Be7 5. O-O O-O 6. b3 c5 7. Bb2 cxd4 8. Nxd4
e5 9. Nf3 e4 10. Nd4 Nc6 11. Na3 Nxd4 12. Qxd4 Qa5 13. Nb1 Be6 14. Qd2 Qa6 15.
a4 Qc6 16. Na3 a6 17. c3 b5 18. Nc2 Qb7 19. Nd4 Bd7 20. a5 Rac8 21. Rfc1 Bd6
22. Nc2 Rfe8 23. Ba3 Be5 24. Nd4 Qb8 25. Rab1 Ng4 26. e3 Bf6 27. c4 dxc4 28.
bxc4 Qe5 29. h3 Nh6 30. cxb5 Rxc1+ 31. Rxc1 axb5 32. Bc5 Qh5 33. Qe2 Qd5 34.
Bb6 Be7 35. Qc2 Qh5 36. Qe2 Qd5 37. Rc7 b4 38. Qc2 Bf8 39. Bxe4 Rxe4 40. Rxd7
Qxd7 41. Qxe4 b3 42. Qb1 Qxh3 43. Qxb3 Bd6 44. Qd5 Ng4 45. Nf3 Nxf2 46. Qa8+
 1-0

[Event "Niederoesterreichische Landesliga 2014/2015"]
[Site "NOE"]
[Date "2015.01.18"]
[Round "7"]
[Board "4"]
[White "Ebner, Johann"]
[Black "Woeber, Friedrich"]
[Result "0-1"]
[WhiteElo "2057"]
[BlackElo "2165"]
[PlyCount "116"]
[EventDate "2014.10.05"]
[EventType "team"]
[EventRounds "11"]
[EventCountry "AUT"]
[WhiteTeam "KSV Boehlerwerk"]
[BlackTeam "SGM Voest Krems"]

1. d4 Nf6 2. c4 c5 3. d5 b5 4. cxb5 a6 5. bxa6 g6 6. Nc3 Bxa6 7. e4 Bxf1 8.
Kxf1 d6 9. Nf3 Nbd7 10. g3 Bg7 11. Kg2 O-O 12. h3 Ra6 13. Qc2 Qa8 14. a4 Rb8
15. Ra3 Ne8 16. b3 Nc7 17. Bb2 f5 18. exf5 Nxd5 19. Nxd5 Qxd5 20. Bxg7 Kxg7 21.
Re1 Ne5 22. Qe4 Qxe4 23. f6+ Kxf6 24. Rxe4 Nxf3 25. Kxf3 e5 26. Rh4 Rab6 27.
Rxh7 Rxb3+ 28. Rxb3 Rxb3+ 29. Ke2 Ra3 30. Rd7 Ke6 31. Rg7 d5 32. Rxg6+ Kf5 33.
Rh6 Ra2+ 34. Ke3 d4+ 35. Kd3 Rxa4 36. g4+ Kg5 37. Re6 c4+ 38. Ke4 Ra5 39. Rc6
c3 40. Kd3 Ra2 41. Re6 Rd2+ 42. Ke4 Re2+ 43. Kd3 c2 44. Rc6 Rxf2 45. Rc8 Rh2
46. Ke4 Rxh3 47. Rxc2 Re3+ 48. Kd5 Kxg4 49. Rd2 Kf3 50. Kc4 Rc3+ 51. Kd5 Re3
52. Kc4 d3 53. Rh2 Kg3 54. Rd2 e4 55. Rd1 Re2 56. Kc3 d2 57. Rg1+ Kf2 58. Rh1
Kg2  0-1

[Event "Niederoesterreichische Landesliga 2014/2015"]
[Site "NOE"]
[Date "2015.01.18"]
[Round "7"]
[Board "1"]
[White "Wagner, Stefan"]
[Black "Juhasz, Kristof"]
[Result "0-1"]
[WhiteElo "2121"]
[BlackElo "2356"]
[PlyCount "84"]
[EventDate "2014.10.05"]
[EventType "team"]
[EventRounds "11"]
[EventCountry "AUT"]
[WhiteTeam "Litschau/Eisgarn"]
[BlackTeam "Sparkasse Bad Voeslau/Kottingbrunn"]

1. c4 Nf6 2. g3 c6 3. Bg2 d5 4. cxd5 cxd5 5. Nf3 Nc6 6. d4 Bf5 7. O-O e6 8. Nc3
Bd6 9. Qb3 Qd7 10. Be3 O-O 11. Nh4 Bg6 12. Nxg6 hxg6 13. Nb5 Be7 14. a4 a6 15.
Na3 Na5 16. Qd1 Rfc8 17. Bd2 Bxa3 18. Rxa3 Nc4 19. Ra2 Nxd2 20. Qxd2 Rc6 21. f3
Rac8 22. b3 Rc3 23. Rb1 R8c7 24. Kf2 Qc8 25. Rbb2 Rc1 26. Bf1 R7c3 27. e3 g5
28. g4 Qc7 29. Kg2 e5 30. dxe5 Qxe5 31. Bd3 g6 32. b4 d4 33. exd4 Qxd4 34. Bf1
Qe5 35. Qd8+ Kg7 36. Re2 Qf4 37. Rf2 Nxg4 38. fxg4 Qxg4+ 39. Kh1 Rf3 40. Qd4+
Qxd4 41. Rxf3 Qd5 42. Raf2 g4  0-1

[Event "Niederoesterreichische Landesliga 2014/2015"]
[Site "NOE"]
[Date "2015.01.18"]
[Round "7"]
[Board "2"]
[White "Plachetka, Jan"]
[Black "Plasil, Jiri"]
[Result "1-0"]
[WhiteElo "2362"]
[BlackElo "2120"]
[PlyCount "43"]
[EventDate "2014.10.05"]
[EventType "team"]
[EventRounds "11"]
[EventCountry "AUT"]
[WhiteTeam "Sparkasse Bad Voeslau/Kottingbrunn"]
[BlackTeam "Litschau/Eisgarn"]

1. c4 f5 2. e4 fxe4 3. Nc3 Nf6 4. d3 d6 5. dxe4 e5 6. Nf3 Nc6 7. Be2 Be7 8.
O-O O-O 9. h3 Bd7 10. Be3 a6 11. Nh2 Qe8 12. Ng4 Nxg4 13. Bxg4 Bxg4 14. Qxg4
Qc8 15. Nd5 Qxg4 16. hxg4 Bd8 17. Rfd1 Ne7 18. Rac1 c6 19. Nb6 Bc7 20. Nxa8
Rxa8 21. c5 d5 22. Bg5  1-0

[Event "Niederoesterreichische Landesliga 2014/2015"]
[Site "NOE"]
[Date "2015.01.18"]
[Round "7"]
[Board "3"]
[White "Popelka, Oldrich"]
[Black "Juhasz, Armin"]
[Result "1/2-1/2"]
[WhiteElo "2080"]
[BlackElo "2298"]
[PlyCount "117"]
[EventDate "2014.10.05"]
[EventType "team"]
[EventRounds "11"]
[EventCountry "AUT"]
[WhiteTeam "Litschau/Eisgarn"]
[BlackTeam "Sparkasse Bad Voeslau/Kottingbrunn"]

1. c4 Nf6 2. Nc3 g6 3. g3 Bg7 4. Bg2 O-O 5. d4 d6 6. Nf3 c6 7. O-O Qb6 8. Qc2
Na6 9. a3 Bg4 10. Be3 Bf5 11. Qd2 Ne4 12. Nxe4 Bxe4 13. Ng5 Bxg2 14. Kxg2 Rac8
15. Rab1 d5 16. cxd5 cxd5 17. Rfc1 Nb8 18. Nf3 Nc6 19. Rc5 Qd8 20. Rbc1 Qd7 21.
Qc3 a6 22. Qb3 e6 23. Qb6 Bf6 24. Bg5 Bg7 25. Be3 Rfe8 26. b4 Bf8 27. R5c3 Bd6
28. b5 axb5 29. Qxb5 Ra8 30. Rb1 Ra7 31. Ne5 Bxe5 32. dxe5 d4 33. Rd3 Rd8 34.
Bxd4 Ra5 35. Qb6 Rd5 36. e3 Nxe5 37. Rc3 Nc6 38. Qxb7 Nxd4 39. Rc7 Qe8 40. exd4
Rxd4 41. Re7 Qf8 42. Rb3 Rd3 43. Rxd3 Rxd3 44. a4 Rd8 45. Rc7 Rb8 46. Qc6 Qb4
47. Ra7 h5 48. h4 Rd8 49. a5 Qd6 50. Qf3 Qd5 51. Rxf7 Ra8 52. Rd7 Qxf3+ 53.
Kxf3 Rxa5 54. Ke4 Ra2 55. Kf3 Ra5 56. Re7 Rf5+ 57. Ke3 Re5+ 58. Kd3 Kf8 59. Rb7
 1/2-1/2

[Event "Niederoesterreichische Landesliga 2014/2015"]
[Site "NOE"]
[Date "2015.01.18"]
[Round "7"]
[Board "4"]
[White "Lampl, Gerald"]
[Black "Ptacnik, Pavel"]
[Result "0-1"]
[WhiteElo "2141"]
[BlackElo "2015"]
[PlyCount "106"]
[EventDate "2014.10.05"]
[EventType "team"]
[EventRounds "11"]
[EventCountry "AUT"]
[WhiteTeam "Sparkasse Bad Voeslau/Kottingbrunn"]
[BlackTeam "Litschau/Eisgarn"]

1. d4 d5 2. c4 c6 3. cxd5 cxd5 4. Nc3 Nf6 5. Bf4 Nc6 6. e3 a6 7. Bd3 g6 8. Rc1
Bg7 9. Nge2 O-O 10. O-O Re8 11. h3 Nh5 12. Bh2 e6 13. Bc2 f5 14. Nf4 Nxf4 15.
Bxf4 Qh4 16. Ba4 Bd7 17. Bg3 Qe7 18. Bxc6 Bxc6 19. Qb3 Qd7 20. a3 Rac8 21. Rfe1
Bf6 22. Na2 Bb5 23. Nb4 Ba4 24. Qa2 Bb5 25. Qb1 Rxc1 26. Rxc1 Rc8 27. Kh2 a5
28. Rxc8+ Qxc8 29. Qc2 Qxc2 30. Nxc2 g5 31. Bc7 a4 32. Kg3 Kf7 33. f4 h6 34.
Kf3 Kg6 35. Ne1 Kh5 36. g3 g4+ 37. hxg4+ fxg4+ 38. Kf2 Kg6 39. Bd6 Kf5 40. Bf8
h5 41. Ng2 Ke4 42. Bb4 Bd8 43. Bc3 Be7 44. Ne1 Bc4 45. Ng2 Bb3 46. Ke2 Bc2 47.
Ne1 Bb1 48. Bd2 h4 49. Kf2 h3 50. Bc1 Kf5 51. Bd2 Be4 52. Kg1 Kf6 53. Kh2 Kg7
 0-1

[Event "Niederoesterreichische Landesliga 2014/2015"]
[Site "NOE"]
[Date "2015.01.18"]
[Round "7"]
[Board "1"]
[White "Pammer, Andreas"]
[Black "Zwettler, Martin"]
[Result "0-1"]
[WhiteElo "2103"]
[BlackElo "2206"]
[PlyCount "78"]
[EventDate "2014.10.05"]
[EventType "team"]
[EventRounds "11"]
[EventCountry "AUT"]
[WhiteTeam "SG Bisamberg/Korneuburg"]
[BlackTeam "SK Zwettl 2"]

1. c4 c5 2. Nc3 g6 3. Nf3 Bg7 4. d4 cxd4 5. Nxd4 Nc6 6. Nc2 d6 7. e4 Bxc3+ 8.
bxc3 Nf6 9. f3 Qa5 10. Bd2 Be6 11. Ne3 Rc8 12. Qb3 Qc7 13. Nd5 Qd7 14. Bh6 Na5
15. Qb4 Nc6 16. Qb3 Na5 17. Qb4 Nc6 18. Qa4 Rg8 19. Bg5 Ne5 20. Qb3 Bxd5 21.
cxd5 Qc7 22. Bb5+ Nfd7 23. O-O f6 24. Be3 a6 25. Bxd7+ Qxd7 26. Bd4 Nc4 27. Rf2
g5 28. a4 Kf7 29. Rb1 Rc7 30. Kh1 Rb8 31. f4 gxf4 32. Qd1 Kg7 33. Rxf4 Rg8 34.
Qh5 Qe8 35. Rg4+ Kh8 36. Rxg8+ Qxg8 37. Rf1 Qg6 38. Qh4 Ne5 39. Bxe5 fxe5  0-1

[Event "Niederoesterreichische Landesliga 2014/2015"]
[Site "NOE"]
[Date "2015.01.18"]
[Round "7"]
[Board "2"]
[White "Stadler, Peter"]
[Black "Haider, Johann"]
[Result "1-0"]
[WhiteElo "2147"]
[BlackElo "1849"]
[PlyCount "61"]
[EventDate "2014.10.05"]
[EventType "team"]
[EventRounds "11"]
[EventCountry "AUT"]
[WhiteTeam "SK Zwettl 2"]
[BlackTeam "SG Bisamberg/Korneuburg"]

1. d4 Nf6 2. Nf3 g6 3. c4 Bg7 4. g3 O-O 5. Bg2 d6 6. O-O Nbd7 7. Nc3 c6 8. h3
e5 9. e4 a5 10. Be3 Qe7 11. Qc2 exd4 12. Nxd4 Re8 13. Rfe1 Nc5 14. Rad1 Qc7 15.
f4 a4 16. Bf2 Nh5 17. Ndb5 cxb5 18. Nxb5 Qa5 19. Nxd6 Rd8 20. e5 Bf8 21. Rd5
Bxd6 22. exd6 b6 23. Re7 Be6 24. Rxh5 gxh5 25. f5 Bc8 26. Bd5 Rxd6 27. Re8+ Kg7
28. Bd4+ Rf6 29. Qc1 h6 30. Bxf6+ Kxf6 31. Qxh6+  1-0

[Event "Niederoesterreichische Landesliga 2014/2015"]
[Site "NOE"]
[Date "2015.01.18"]
[Round "7"]
[Board "3"]
[White "Sulzgruber, Robin"]
[Black "Lipp, Alfred"]
[Result "1-0"]
[WhiteElo "1973"]
[BlackElo "2119"]
[PlyCount "69"]
[EventDate "2014.10.05"]
[EventType "team"]
[EventRounds "11"]
[EventCountry "AUT"]
[WhiteTeam "SG Bisamberg/Korneuburg"]
[BlackTeam "SK Zwettl 2"]

1. e4 c5 2. c3 Nf6 3. e5 Nd5 4. Nf3 Nc6 5. Bc4 Nb6 6. Bb3 e6 7. Na3 a6 8. O-O
Be7 9. d4 cxd4 10. cxd4 d6 11. Qe2 O-O 12. Bd2 dxe5 13. dxe5 Qc7 14. Rac1 Qb8
15. Qe4 Nd7 16. Bc2 f5 17. exf6 Nxf6 18. Qh4 e5 19. Nc4 b5 20. Ne3 Qb6 21. Bc3
b4 22. Bb3+ Kh8 23. Nxe5 Nxe5 24. Bxe5 Bd7 25. Bc2 h6 26. Bxf6 Bxf6 27. Qe4 Kg8
28. Qh7+ Kf7 29. Bg6+ Ke6 30. Bf5+ Kf7 31. Bxd7 Bxb2 32. Rc6 Qa7 33. Be6+ Ke8
34. Nd5 Qd4 35. Qg6+  1-0

[Event "Niederoesterreichische Landesliga 2014/2015"]
[Site "NOE"]
[Date "2015.01.18"]
[Round "7"]
[Board "4"]
[White "Allram, Sebastian"]
[Black "Seidler, Dieter"]
[Result "0-1"]
[WhiteElo "2003"]
[BlackElo "1893"]
[PlyCount "102"]
[EventDate "2014.10.05"]
[EventType "team"]
[EventRounds "11"]
[EventCountry "AUT"]
[WhiteTeam "SK Zwettl 2"]
[BlackTeam "SG Bisamberg/Korneuburg"]

1. c4 e6 2. Nc3 d5 3. d4 Nf6 4. Bg5 c6 5. Nf3 Nbd7 6. e3 Qa5 7. a3 Ne4 8. Bf4
Nxc3 9. Qd2 Bb4 10. Rc1 Na2 11. axb4 Qxb4 12. Ra1 Qxd2+ 13. Kxd2 Nb4 14. Bd6
Na6 15. b4 Nf6 16. Bd3 dxc4 17. Bc2 Kd7 18. Bc5 Nxc5 19. bxc5 Ke7 20. Kc3 Bd7
21. Rhb1 b5 22. cxb6 axb6 23. Kxc4 b5+ 24. Kd3 Nd5 25. Ne5 f6 26. Nxd7 Kxd7 27.
g3 Kd6 28. Bb3 Nb6 29. f4 Rxa1 30. Rxa1 Ra8 31. Rxa8 Nxa8 32. h4 Nb6 33. e4 e5
34. dxe5+ fxe5 35. f5 c5 36. Bg8 h6 37. g4 c4+ 38. Kc3 Kc5 39. g5 b4+ 40. Kb2
hxg5 41. hxg5 Kd4 42. f6 gxf6 43. g6 Nc8 44. g7 Ne7 45. Bd5 Kd3 46. Kc1 c3 47.
Kd1 c2+ 48. Kc1 Kc3 49. g8=Q Nxg8 50. Bxg8 b3 51. Bxb3 Kxb3  0-1

[Event "Niederoesterreichische Landesliga 2014/2015"]
[Site "NOE"]
[Date "2015.01.18"]
[Round "7"]
[Board "1"]
[White "Sharashenidze, Akaki"]
[Black "Rumpl, Erwin"]
[Result "1/2-1/2"]
[WhiteElo "2304"]
[BlackElo "2314"]
[PlyCount "60"]
[EventDate "2014.10.05"]
[EventType "team"]
[EventRounds "11"]
[EventCountry "AUT"]
[WhiteTeam "SK Advisory Invest Baden 2"]
[BlackTeam "SV Amstetten"]

1. e4 e6 2. d4 d5 3. exd5 exd5 4. Bd3 Nc6 5. c3 Bd6 6. h3 Nge7 7. Nf3 O-O 8.
O-O Bf5 9. Re1 Qd7 10. b4 Rfe8 11. Na3 Ng6 12. Nc2 Rxe1+ 13. Ncxe1 Re8 14. Bxf5
Qxf5 15. Nd3 h6 16. a4 Nd8 17. Ra2 Kf8 18. Re2 Rxe2 19. Qxe2 Qd7 20. b5 c6 21.
Nfe5 Bxe5 22. Nxe5 Nxe5 23. Ba3+ Kg8 24. dxe5 Ne6 25. Bd6 Qd8 26. bxc6 bxc6 27.
Qa6 Qg5 28. Qxc6 Qc1+ 29. Kh2 Qf4+ 30. Kg1 Qc1+  1/2-1/2

[Event "Niederoesterreichische Landesliga 2014/2015"]
[Site "NOE"]
[Date "2015.01.18"]
[Round "7"]
[Board "2"]
[White "Sandhoefner, Florian"]
[Black "Lendwai, Reinhard"]
[Result "1/2-1/2"]
[WhiteElo "2278"]
[BlackElo "2350"]
[PlyCount "41"]
[EventDate "2014.10.05"]
[EventType "team"]
[EventRounds "11"]
[EventCountry "AUT"]
[WhiteTeam "SV Amstetten"]
[BlackTeam "SK Advisory Invest Baden 2"]

1. e4 c5 2. Nf3 d6 3. d4 cxd4 4. Nxd4 Nf6 5. Nc3 a6 6. Bc4 e6 7. O-O Be7 8. Qf3
O-O 9. Bb3 Nc6 10. Be3 Qc7 11. Qg3 Re8 12. f4 Bf8 13. f5 Kh8 14. fxe6 fxe6 15.
Rad1 Bd7 16. Kh1 Ne5 17. Bg5 Ng8 18. Nf3 Nc4 19. Bxc4 Qxc4 20. Bf4 e5 21. Bd2
 1/2-1/2

[Event "Niederoesterreichische Landesliga 2014/2015"]
[Site "NOE"]
[Date "2015.01.18"]
[Round "7"]
[Board "3"]
[White "Herndlbauer, Martin"]
[Black "Rechberger, Franz"]
[Result "1/2-1/2"]
[WhiteElo "2110"]
[BlackElo "2059"]
[PlyCount "124"]
[EventDate "2014.10.05"]
[EventType "team"]
[EventRounds "11"]
[EventCountry "AUT"]
[WhiteTeam "SK Advisory Invest Baden 2"]
[BlackTeam "SV Amstetten"]

1. d4 Nf6 2. c4 e6 3. Nc3 Bb4 4. e3 b6 5. Nf3 O-O 6. Bd3 Bb7 7. O-O d6 8. Nb1
d5 9. a3 dxc4 10. Bxc4 Bd6 11. Qe2 Nbd7 12. Rd1 Qe7 13. b3 a6 14. Bb2 Ne4 15.
Nbd2 Ndf6 16. Nf1 Ng4 17. Rdc1 Ngxf2 18. a4 Ng4 19. Rc2 Ngf6 20. Ne5 Nd5 21.
Qg4 Nb4 22. Rcc1 Bxe5 23. dxe5 Rad8 24. Be2 c5 25. Rd1 Rxd1 26. Rxd1 Rd8 27.
Rd6 Nxd6 28. exd6 Qf8 29. Ng3 f6 30. Qxe6+ Qf7 31. Qg4 Rxd6 32. Nf5 Qd7 33.
Bc4+ Bd5 34. Bxf6 g6 35. Be5 Qxf5 36. Qxf5 gxf5 37. Bxd6 Bxc4 38. bxc4 Nd3 39.
Bc7 Nb2 40. Bxb6 Nxa4 41. Bc7 Kf7 42. Kf2 Ke6 43. e4 fxe4 44. Ke3 Nb2 45. Kxe4
Nxc4 46. g4 a5 47. g5 a4 48. Bd8 Nd6+ 49. Kd3 Nf7 50. Bf6 h6 51. h4 hxg5 52.
hxg5 Ne5+ 53. Ke4 Nf7 54. Kd3 Nd6 55. Bb2 Nf7 56. g6 Nd6 57. Ba3 c4+ 58. Kd4
Nb5+ 59. Kxc4 Nxa3+ 60. Kb4 Nb5 61. Kxa4 Kf6 62. Kxb5 Kxg6  1/2-1/2

[Event "Niederoesterreichische Landesliga 2014/2015"]
[Site "NOE"]
[Date "2015.01.18"]
[Round "7"]
[Board "4"]
[White "Wadsack, Wolfgang"]
[Black "Juenger, Heinz"]
[Result "1/2-1/2"]
[WhiteElo "2141"]
[BlackElo "2117"]
[PlyCount "64"]
[EventDate "2014.10.05"]
[EventType "team"]
[EventRounds "11"]
[EventCountry "AUT"]
[WhiteTeam "SV Amstetten"]
[BlackTeam "SK Advisory Invest Baden 2"]

1. e4 c5 2. c3 d6 3. d4 Nf6 4. dxc5 Nc6 5. f3 d5 6. exd5 Nxd5 7. Bc4 e6 8. Bxd5
exd5 9. Be3 b6 10. cxb6 Bd6 11. Ne2 O-O 12. Bf2 axb6 13. O-O Ne5 14. a4 Ba6 15.
Na3 Re8 16. c4 Bxa3 17. Rxa3 Nxc4 18. Rb3 Rxe2 19. Qxe2 Na5 20. Rb5 Nc4 21. b3
Bxb5 22. axb5 Na5 23. Ra1 Rc8 24. Qd3 h6 25. h3 Qf6 26. Bd4 Qe6 27. Rd1 Re8 28.
Bf2 Rd8 29. Rc1 Qd6 30. Re1 Qb4 31. Rb1 d4 32. Be1 Qa3  1/2-1/2

[Event "Niederoesterreichische Landesliga 2014/2015"]
[Site "NOE"]
[Date "2015.01.18"]
[Round "7"]
[Board "1"]
[White "Knoll, Hermann"]
[Black "Vrana, Frantisek"]
[Result "0-1"]
[WhiteElo "2307"]
[BlackElo "2249"]
[PlyCount "106"]
[EventDate "2014.10.05"]
[EventType "team"]
[EventRounds "11"]
[EventCountry "AUT"]
[WhiteTeam "Schachklub Mostarrichi"]
[BlackTeam "SV Mistelbach"]

1. d4 g6 2. e4 c6 3. Nc3 d5 4. Be3 Bg7 5. e5 Nh6 6. f4 Qb6 7. Na4 Qa5+ 8.
c3 Bg4 9. Qb3 b6 10. Qb4 Qxb4 11. cxb4 Bd7 12. Nf3 e6 13. b3 Bf8 14. a3 Bc8 15.
h3 Nf5 16. Bf2 h5 17. g3 Ba6 18. Bxa6 Nxa6 19. Ke2 Nc7 20. g4 Ne7 21. Bh4 Ng8
22. Nb2 Nb5 23. Kd3 a6 24. f5 hxg4 25. hxg4 gxf5 26. gxf5 exf5 27. Na4 Rb8 28.
Rac1 Rh6 29. e6 Rxe6 30. Ne5 f6 31. Rxc6 Rxc6 32. Nxc6 Rc8 33. Nxb6 Rxc6 34.
Nxd5 Rd6 35. Ne3 Rxd4+ 36. Ke2 Nc3+ 37. Kf3 Bd6 38. Be1 Rf4+ 39. Kg2 Ne2 40.
Nc4 Be5 41. Bf2 Bd4 42. Be1 Rg4+ 43. Kf1 Ng3+ 44. Bxg3 Rxg3 45. b5 Rxb3 46. Rh7
Ne7 47. bxa6 Rc3 48. Nd6+ Kd7 49. Nb5 Rc1+ 50. Ke2 Bb6 51. a7 Rc8 52. Nc3 Bxa7
53. Nd5 Bc5  0-1

[Event "Niederoesterreichische Landesliga 2014/2015"]
[Site "NOE"]
[Date "2015.01.18"]
[Round "7"]
[Board "2"]
[White "Hofmann, Thomas"]
[Black "Ehs, Dominik"]
[Result "1-0"]
[WhiteElo "2195"]
[BlackElo "2056"]
[PlyCount "89"]
[EventDate "2014.10.05"]
[EventType "team"]
[EventRounds "11"]
[EventCountry "AUT"]
[WhiteTeam "SV Mistelbach"]
[BlackTeam "Schachklub Mostarrichi"]

1. e4 c5 2. Nf3 e6 3. c4 Nc6 4. Nc3 a6 5. Be2 d6 6. d4 cxd4 7. Nxd4 Nf6 8. O-O
Be7 9. Be3 O-O 10. f4 Bd7 11. Rc1 Rc8 12. b3 Nxd4 13. Qxd4 Bc6 14. b4 d5 15.
cxd5 exd5 16. e5 Ne4 17. Nxe4 dxe4 18. Qb2 Ba4 19. Bc4 b5 20. Be2 Qd7 21. a3
Rxc1 22. Rxc1 Rc8 23. Rxc8+ Qxc8 24. Qd4 Bc2 25. Qd5 h6 26. Bh5 Qe6 27. Qxe6
fxe6 28. Be8 Bb3 29. Kf2 Bd5 30. g3 Bb7 31. Bg6 a5 32. Bd2 axb4 33. Bxb4 Bd8
34. Bc5 Bd5 35. Ke3 Ba5 36. Bxe4 Bxe4 37. Kxe4 Kf7 38. g4 g6 39. h3 Bc3 40. Bb4
Bb2 41. f5 h5 42. f6 Bc1 43. Bd6 hxg4 44. hxg4 Bb2 45. Kd3  1-0